000 00573nam a2200181Ia 4500
008 090123s9999 xx 000 0 und d
082 _b40750
100 _aदिवाण वृंदा
245 _aहा खेळ सुरांचा
250 _a1
260 _bविद्यार्थी प्रकाशन
_c2006
300 _a175
600 _aदिवाण वृंदा
630 _aहा खेळ सुरांचा
700 _aदिवाण वृंदा
730 _aहा खेळ सुरांचा
942 _cBOOK
999 _c78825
_d78825